<?xml version="1.0" encoding="UTF-8"?>
<record
    xmlns:xsi="http://www.w3.org/2001/XMLSchema-instance"
    xsi:schemaLocation="http://www.loc.gov/MARC21/slim http://www.loc.gov/standards/marcxml/schema/MARC21slim.xsd"
    xmlns="http://www.loc.gov/MARC21/slim">

  <leader>00925nam a22002057a 4500</leader>
  <controlfield tag="008">110905t1983    xxu||||g |||| 000 0 eng d</controlfield>
  <datafield tag="020" ind1=" " ind2=" ">
    <subfield code="a">977011605</subfield>
  </datafield>
  <datafield tag="082" ind1=" " ind2=" ">
    <subfield code="2">22</subfield>
    <subfield code="a">320.54</subfield>
    <subfield code="b">&#x634; &#x645; &#x64A; </subfield>
  </datafield>
  <datafield tag="100" ind1=" " ind2=" ">
    <subfield code="9">27008</subfield>
    <subfield code="a">&#x634;&#x645;&#x64A;&#x62A;(&#x627;&#x644;&#x625;&#x628;&#x646; )&#x60C;&#x623;&#x631;&#x62B;&#x631; &#x627;&#x62F;&#x648;&#x627;&#x631;&#x62F; &#x62C;&#x648;&#x644;&#x62F; </subfield>
  </datafield>
  <datafield tag="245" ind1=" " ind2=" ">
    <subfield code="a">&#x627;&#x644;&#x62D;&#x632;&#x628; &#x627;&#x644;&#x648;&#x637;&#x646;&#x649; &#x627;&#x644;&#x645;&#x635;&#x631;&#x649;:</subfield>
    <subfield code="b">&#x645;&#x635;&#x637;&#x641;&#x649; &#x643;&#x627;&#x645;&#x644;-&#x645;&#x62D;&#x645;&#x62F; &#x641;&#x631;&#x64A;&#x62F; </subfield>
  </datafield>
  <datafield tag="260" ind1=" " ind2=" ">
    <subfield code="a">&#x627;&#x644;&#x642;&#x627;&#x647;&#x631;&#x629;:</subfield>
    <subfield code="b">&#x627;&#x644;&#x647;&#x64A;&#x626;&#x629; &#x627;&#x644;&#x645;&#x635;&#x631;&#x64A;&#x629; &#x627;&#x644;&#x639;&#x627;&#x645;&#x629; &#x644;&#x644;&#x643;&#x62A;&#x627;&#x628; &#x60C;1983.</subfield>
    <subfield code="c">1983.</subfield>
  </datafield>
  <datafield tag="300" ind1=" " ind2=" ">
    <subfield code="a">330&#x635;&#x60C;</subfield>
    <subfield code="c">24&#x633;&#x645;.</subfield>
  </datafield>
  <datafield tag="650" ind1=" " ind2=" ">
    <subfield code="9">27011</subfield>
    <subfield code="a">&#x627;&#x644;&#x642;&#x648;&#x645;&#x64A;&#x629; &#x627;&#x644;&#x639;&#x631;&#x628;&#x64A;&#x629;</subfield>
    <subfield code="z">&#x645;&#x635;&#x631;</subfield>
  </datafield>
  <datafield tag="650" ind1=" " ind2=" ">
    <subfield code="9">27012</subfield>
    <subfield code="a">&#x627;&#x644;&#x627;&#x62D;&#x62A;&#x644;&#x627;&#x644; &#x627;&#x644;&#x639;&#x633;&#x643;&#x631;&#x649; &#x627;&#x644;&#x628;&#x631;&#x64A;&#x637;&#x627;&#x646;&#x649;</subfield>
  </datafield>
  <datafield tag="653" ind1=" " ind2=" ">
    <subfield code="b">General</subfield>
    <subfield code="c">September2011</subfield>
  </datafield>
  <datafield tag="700" ind1=" " ind2=" ">
    <subfield code="9">27009</subfield>
    <subfield code="a">&#x60C;&#x62F;&#x648;&#x627;&#x631;&#x647;&#x60C;&#x641;&#x624;&#x627;&#x62F;</subfield>
    <subfield code="c">&#x645;&#x62A;&#x631;&#x62C;&#x645;</subfield>
  </datafield>
  <datafield tag="700" ind1=" " ind2=" ">
    <subfield code="9">27010</subfield>
    <subfield code="a">&#x60C;&#x631;&#x636;&#x648;&#x627;&#x646;&#x60C;&#x641;&#x62A;&#x62D;&#x649;</subfield>
    <subfield code="c">&#x645;&#x642;&#x62F;&#x645;</subfield>
  </datafield>
  <datafield tag="942" ind1=" " ind2=" ">
    <subfield code="2">ddc</subfield>
    <subfield code="c">BB</subfield>
  </datafield>
  <datafield tag="999" ind1=" " ind2=" ">
    <subfield code="c">15950</subfield>
    <subfield code="d">15950</subfield>
  </datafield>
  <datafield tag="952" ind1=" " ind2=" ">
    <subfield code="0">0</subfield>
    <subfield code="1">0</subfield>
    <subfield code="2">ddc</subfield>
    <subfield code="4">0</subfield>
    <subfield code="7">0</subfield>
    <subfield code="8"> </subfield>
    <subfield code="a">MAIN</subfield>
    <subfield code="b">MAIN</subfield>
    <subfield code="c">1ST</subfield>
    <subfield code="d">2011-09-05</subfield>
    <subfield code="e">Purchase</subfield>
    <subfield code="o">320.54 &#x634; &#x645; &#x64A;</subfield>
    <subfield code="p">000024407</subfield>
    <subfield code="r">2025-07-15 00:00:00</subfield>
    <subfield code="y">BB</subfield>
  </datafield>
</record>
